00318nam a2200121Ia 4500008004100000041000800041082001600049100002100065245004500086260002600131300003200157365000700189240624s9999 xx 000 0 und d aeng a303.483 NAR aNARASIMHA RODDAM aDYNAMICS OF TECHNOLOGY CREATION AND DIFF c2003aNew DelhibSage aviii, : 301 : p. : cm. ; 24 cRS